UBT Library

Your baby's first year week by week / (Record no. 1392)

000 -LEADER
fixed length control field 00519nam a22001817a 4500
008 - FIXED-LENGTH DATA ELEMENTS--GENERAL INFORMATION
fixed length control field 151130b xxu||||| |||| 00| 0 eng d
020 ## - INTERNATIONAL STANDARD BOOK NUMBER
International Standard Book Number 0738209740
041 0# - LANGUAGE CODE
Language code of text/sound track or separate title eng
080 ## - UNIVERSAL DECIMAL CLASSIFICATION NUMBER
Universal Decimal Classification number 618.6
100 1# - Rafti
Rafti Curtis, Glade B.
245 10 - TITLE STATEMENT
Title Your baby's first year week by week /
Statement of responsibility, etc Glade B. Curtis, Judith Schuler.
250 ## -
-- 2nd ed.
260 ## -
-- Cambridge, MA :
-- Da Capo Lifelong,
-- c2005
300 ## -
-- xvii, 568 f. :
-- me ill. ;
-- 24 cm.
650 #0 -
-- Pediatri
-- Kujdesi
700 1# -
-- Schuler, Judith.
942 ## - ADDED ENTRY ELEMENTS (KOHA)
Source of classification or shelving scheme
Item type Books
Holdings
Withdrawn status Lost status Source of classification or shelving scheme Damaged status Not for loan Collection code Permanent location Current location Shelving location Date acquired Total Checkouts Full call number Barcode Date last seen Price effective from Koha item type
          Koleksioni i përgjithshem UBT - Lipjan UBT - Lipjan Koleksioni i përgjithshem 12/08/2015   23.458 THA 002-008694 12/08/2015 12/08/2015 Books
UBT Library © 2015-2024. All rights reserved University Education for Business and Technology